书目信息 |
| 题名: |
歌剧选曲
|
|
| 作者: | ;人民音乐出版社编辑部 编 | |
| 分册: | ||
| 出版信息: | 北京 人民音乐出版社 1981 |
|
| 页数: | 124页 | |
| 开本: | 19cm | |
| 丛书名: | ||
| 单 册: | ||
| 中图分类: | J653.2 | |
| 科图分类: | ||
| 主题词: | ||
| 电子资源: | ||
| ISBN: | ||
| 000 | 00587nam 2200193 45 | |
| 001 | 0190004944 | |
| 005 | 20060803165932.64 | |
| 010 | @dCNY0.38 | |
| 100 | @a19901110d1981 ekmy0chiy0121 ea | |
| 101 | 1 | @achi |
| 102 | @aCN@b110000 | |
| 105 | @ag z 000by | |
| 200 | 10 | @a歌剧选曲@AGE JU XUAN QU@f人民音乐出版社编辑部编@Fren min yin yue chu ban she bian ji bu bian |
| 210 | @a北京@c人民音乐出版社@d1981 | |
| 215 | @a124页@d19cm | |
| 690 | @aJ653.2 | |
| 711 | 0 | @a人民音乐出版社编辑部@Aren min yin yue chu ban she bian ji bu@4编 |
| 801 | 0 | @aCN@bTSSF@c20060803 |
| 905 | @a10447@dJ653.2@e329 | |
| 歌剧选曲/人民音乐出版社编辑部编.-北京:人民音乐出版社,1981 |
| 124页;19cm |
| ISBN :CNY0.38 |
| ● |
| 相关链接 |
|
|
|
|
正题名:歌剧选曲
索取号:J653.2/329
 
预约/预借
| 序号 | 登录号 | 条形码 | 馆藏地/架位号 | 状态 | 备注 |
| 1 | 0444192 | 204441924 | 密集书库/ [索取号:J653.2/329] | 在馆 | |
| 2 | 0462902 | 204629027 | 密集书库/ [索取号:J653.2/329] | 在馆 | |
| 3 | 0466995 | 204669956 | 密集书库/ [索取号:J653.2/329] | 在馆 |